• 首页
  • 本馆介绍
  • 公告通知
  • 最新文献
  • 馆藏检索
  • 电子资源
  • 读者导购
  • 参考咨询
  • 我的图书馆
  • 登录
  • 详细信息显示
  • 放入我的书架
  • 预约/预借图书
  • 作者相关作品
  • 分类相关作品
  • 丛书相关作品
  • 出版社相关作品

书目信息

  • 表格格式
  • 工作单格式
  • 卡片格式
题名:
晨风频度英语高效进阶词汇5000
    
 
作者: ;频度英语研究中心 编
分册:  
出版信息: 西安   西安交通大学出版社  2006
页数: 527页
开本: 18cm
丛书名:
单 册:
中图分类: H31
科图分类:
主题词: 英语--词汇 , 词汇
电子资源:
ISBN: 7-5605-2191-6
000 00964nam0 2200265 450
001 012007489828
005 20070517093109.93
010    @a7-5605-2191-6@dCNY16.80
100    @a20070512d2006 km y0chiy0120 ea
101 0  @achi@aeng
102    @aCN@b610000
105    @ay z 000yy
106    @ar
200 1  @a晨风频度英语高效进阶词汇5000@Achen feng pin du ying yu gao xiao jin jie ci hui 5000@e映象速记@f频度英语研究中心编@Fpin du ying yu yan jiu zhong xin bian
210    @a西安@c西安交通大学出版社@d2006
215    @a527页@d18cm
300    @a一本值得收藏的高效词汇记忆工具
330    @a本书提供了一种简单易行、建立在科学分析基础上的创新记忆方法,使单词记忆系统化,每个人都能够顺利突破上万词汇,不再需要为考试突击单词。
517 1  @a映象速记@Aying xiang su ji
606 0  @a英语@x词汇
606 0  @a词汇
690    @aH31@v4
711 02 @a频度英语研究中心@Apin du ying yu yan jiu zhong xin@4编
801  0 @aCN@bRULIN@c20070517
905    @dH31@e1022@s5
    
    晨风频度英语高效进阶词汇5000:映象速记/频度英语研究中心编.-西安:西安交通大学出版社,2006
    527页;18cm
    一本值得收藏的高效词汇记忆工具
    
    ISBN 7-5605-2191-6:CNY16.80
    本书提供了一种简单易行、建立在科学分析基础上的创新记忆方法,使单词记忆系统化,每个人都能够顺利突破上万词汇,不再需要为考试突击单词。
●
相关链接 在E读中查询图书 在五车中查询图书 在当当中查询图书 在豆瓣中查询图书


正题名:晨风频度英语高效进阶词汇5000     索取号:H31/1022         预约/预借

序号 登录号 条形码 馆藏地/架位号 状态 备注
1 0573291   205732910   第二样本阅览室/ [索取号:H31/1022] 在馆    
2 0573292   205732929   第四借阅区/ [索取号:H31/1022] 在馆    
3 0573293   205732938   第四借阅区/ [索取号:H31/1022] 在馆    
4 0573294   205732947   第四借阅区/ [索取号:H31/1022] 在馆    
5 0573295   205732956   第四借阅区/ [索取号:H31/1022] 在馆    
唐山师范学院图书馆 欢迎您!
大连网信软件有限公司© 版权所有